| 000 | 00620nam a2200205Ia 4500 | ||
|---|---|---|---|
| 003 | GCL | ||
| 008 | 140319s9999 xx 000 0 eng d | ||
| 040 |
_aGCL / _cGCL |
||
| 082 | 0 | 4 |
_a665.5 _bW P |
| 100 | 1 | _aWAUWUIER, JEAN - PIERRE | |
| 245 | 1 | 0 |
_aCRUDE OIL, PETROLEUM REFINING: CRUDE OIL, PETROLEUM PRODUCTS AND PROCESS FLOWSHEETS / _cWAUWUIER, JEAN - PIERRE |
| 700 | 1 | _aSMITH, DAVID M. | |
| 260 |
_a[S.N] : _bEDITIONS TECHNIP ، _c1995 |
||
| 300 | _a470 P | ||
| 650 | 0 | 4 | _aOIL INDUSTRY |
| 650 | 0 | 4 | _aالمجموعات النادرة |
| 650 | 0 | 4 | _aPETROLEUM |
| 650 | 0 | 4 | _aPETROLEUM - REFINING |
| 942 |
_2ddc _cBK |
||
| 999 |
_c15991 _d15991 |
||